LEADER 01442nam a22003131i 4500 001 991002796469707536 005 20030809104759.0 008 030925s1980 it |||||||||||||||||ita 035 $ab12339696-39ule_inst 035 $aARCHE-038723$9ExL 040 $aBiblioteca Interfacoltà$bita$cA.t.i. Arché s.c.r.l. Pandora Sicilia s.r.l. 082 04$a702.874 100 1 $aGuarducci, Margherita$0152061 245 13$aLa cosiddetta fibula prenestina :$bantiquari, eruditi e falsari nella Roma dell'Ottocento /$cMargherita Guarducci ; con un'appendice di esami e di analisi a cura di Pico Cellini, Guido Devoto ed altri 260 $aRoma :$bAccademia nazionale dei Lincei,$c1980 300 $a1 v. ;$c27 cm 440 0$aAtti della Accademia nazionale dei Lincei 440 0$aMemorie.$nSerie 8,$pClasse di scienze morali storiche e filologiche ;$v24/4 650 4$aFibula prenestina 650 4$aOpere d'arte$xFalsificazioni 700 1 $aDevoto, Guido 700 1 $aCellini, Pico 907 $a.b12339696$b02-04-14$c08-10-03 912 $a991002796469707536 945 $aLE002 SP 060/024 VIII 4$g1$i2002000131607$lle002$o-$pE0.00$q-$rl$so $t0$u0$v0$w0$x0$y.i12741966$z08-10-03 945 $aLE002 SP 060/024 VIII 4 bis$g2$i2002000131652$lle002$o-$pE0.00$q-$rl$s- $t0$u0$v0$w0$x0$y.i12741978$z08-10-03 996 $aCosiddetta fibula prenestina$9159588 997 $aUNISALENTO 998 $ale002$b08-10-03$cm$da $e-$fita$git $h3$i2 LEADER 01455nas 2200445-a 450 001 9910156050803321 005 20240413025405.0 035 $a(DE-599)ZDB2900867-0 035 $a(CKB)991042727968370 035 $a(CONSER)---82643335- 035 $a(EXLCZ)99991042727968370 100 $a19801030b19801987 --- a 101 0 $aeng 181 $ctxt$2rdacontent 182 $cc$2rdamedia 183 $acr$2rdacarrier 200 00$aReligion in Southern Africa 210 $aDurban, South Africa $cAssociation for the History of Religion (Southern Africa)$d1980-1987 215 $a1 online resource 300 $aTitle from cover. 311 08$aPrint version: Religion in Southern Africa. 0258-3224 (DLC) 82643335 (OCoLC)768077311 531 0 $aRelig. South. Afr. 606 $aReligion$vPeriodicals 606 $aReligion$2fast$3(OCoLC)fst01093763 606 $aReligion$vPeriodicals$2nli 607 $aAfrica, Southern$xReligion$vPeriodicals 607 $aSouthern Africa$2fast 607 $aAfrica, Southern$xReligion$vPeriodicals$2nli 608 $aPeriodicals.$2fast 608 $aPeriodicals.$2lcgft 615 0$aReligion 615 7$aReligion. 615 7$aReligion 676 $a200/.5 712 02$aAssociation for the History of Religion (Southern Africa) 906 $aJOURNAL 912 $a9910156050803321 920 $aexl_impl conversion 996 $aReligion in Southern Africa$92089907 997 $aUNINA